Vật lí 11 : Sách giáo viên

Sách gồm hai phần: phần 1 giới thiệu chương trình và sách giáo khoa Vật lí 11. Phần 2 hướng dẫn giảng dạy từng bài, trong mỗi bài điều có mục tiêu, chuẩn bị, thông tin bổ sung, gợi ý về phương pháp và tổ chức hoạt động dạy học, và phâ...

全面介紹

Đã lưu trong:
書目詳細資料
主要作者: Lương, Duyên Bình
格式: 圖書
語言:Undetermined
出版: Hà Nội Giáo dục Việt Nam 2013
主題:
標簽: 添加標簽
沒有標簽, 成為第一個標記此記錄!
Thư viện lưu trữ: Trung tâm Học liệu Trường Đại học Cần Thơ
LEADER 01094nam a2200229Ia 4500
001 CTU_236630
008 210402s9999 xx 000 0 und d
020 |c 12900 
082 |a 530.0712 
082 |b B312 
100 |a Lương, Duyên Bình 
245 0 |a Vật lí 11 : 
245 0 |b Sách giáo viên 
245 0 |c Lương Duyên Bình (Tổng chủ biên) 
260 |a Hà Nội 
260 |b Giáo dục Việt Nam 
260 |c 2013 
520 |a Sách gồm hai phần: phần 1 giới thiệu chương trình và sách giáo khoa Vật lí 11. Phần 2 hướng dẫn giảng dạy từng bài, trong mỗi bài điều có mục tiêu, chuẩn bị, thông tin bổ sung, gợi ý về phương pháp và tổ chức hoạt động dạy học, và phần trả lời câu hỏi và bài tập. 
650 |a Vật lý,Physics 
650 |x Dạy và học (Trung học),Study and teaching (Sacondary) 
904 |i Hải 
980 |a Trung tâm Học liệu Trường Đại học Cần Thơ